<?xml version="1.0" encoding="UTF-8"?><?xml-stylesheet type="text/xsl" href="static/style.xsl"?><OAI-PMH xmlns="http://www.openarchives.org/OAI/2.0/" xmlns:xsi="http://www.w3.org/2001/XMLSchema-instance" xsi:schemaLocation="http://www.openarchives.org/OAI/2.0/ http://www.openarchives.org/OAI/2.0/OAI-PMH.xsd"><responseDate>2026-04-19T06:34:52Z</responseDate><request verb="GetRecord" identifier="oai:riubu.ubu.es:10259/10472" metadataPrefix="marc">https://riubu.ubu.es/oai/request</request><GetRecord><record><header><identifier>oai:riubu.ubu.es:10259/10472</identifier><datestamp>2025-05-16T00:05:17Z</datestamp><setSpec>com_10259_5786</setSpec><setSpec>com_10259_5086</setSpec><setSpec>com_10259_2604</setSpec><setSpec>col_10259_5787</setSpec></header><metadata><record xmlns="http://www.loc.gov/MARC21/slim" xmlns:doc="http://www.lyncode.com/xoai" xmlns:xsi="http://www.w3.org/2001/XMLSchema-instance" xmlns:dcterms="http://purl.org/dc/terms/" xsi:schemaLocation="http://www.loc.gov/MARC21/slim http://www.loc.gov/standards/marcxml/schema/MARC21slim.xsd">
<leader>00925njm 22002777a 4500</leader>
<datafield tag="042" ind1=" " ind2=" ">
<subfield code="a">dc</subfield>
</datafield>
<datafield tag="720" ind1=" " ind2=" ">
<subfield code="a">Arroyo del Bosque, Rubén</subfield>
<subfield code="e">author</subfield>
</datafield>
<datafield tag="720" ind1=" " ind2=" ">
<subfield code="a">Alsasua, Roberto</subfield>
<subfield code="e">author</subfield>
</datafield>
<datafield tag="720" ind1=" " ind2=" ">
<subfield code="a">Arana, Javier</subfield>
<subfield code="e">author</subfield>
</datafield>
<datafield tag="720" ind1=" " ind2=" ">
<subfield code="a">Lapresa Ajamil, Daniel</subfield>
<subfield code="e">author</subfield>
</datafield>
<datafield tag="720" ind1=" " ind2=" ">
<subfield code="a">Anguera, María Teresa</subfield>
<subfield code="e">author</subfield>
</datafield>
<datafield tag="260" ind1=" " ind2=" ">
<subfield code="c">2023-06</subfield>
</datafield>
<datafield tag="520" ind1=" " ind2=" ">
<subfield code="a">This work shows the possibilities that observational analysis can offer to match analysis in Wheelchair Basketball, outlined in a study of the sequences that end in a shot, in the men's team considered to be the best in the world (USA), in the Tokyo Paralympic Games 2020. Data recording and coding the 527 sequences that end in a shot was carried out via the LINCE software, and inter-rater reliability guaranteed using Cohen's Kappa coefficient. Two diachronic behaviour analysis techniques – lag sequential analysis and T-pattern detection – were applied complementarily, thus allowing us to characterise effective and ineffective sequences. Effective behaviours are highlighted as being those which incorporate a final reception and shot by players with less functional limitation; or those in which the shot is made from the paint. Ineffective behaviours are those carried out by players with greater functional difficulty; or those which end in shots made from the offensive zone and external offensive zone.</subfield>
</datafield>
<datafield tag="024" ind2=" " ind1="8">
<subfield code="a">1747-9541</subfield>
</datafield>
<datafield tag="024" ind2=" " ind1="8">
<subfield code="a">http://hdl.handle.net/10259/10472</subfield>
</datafield>
<datafield tag="024" ind2=" " ind1="8">
<subfield code="a">10.1177/17479541231181616</subfield>
</datafield>
<datafield tag="024" ind2=" " ind1="8">
<subfield code="a">2048-397X</subfield>
</datafield>
<datafield tag="245" ind1="0" ind2="0">
<subfield code="a">Match analysis in wheelchair basketball: An observational analysis of the best team in the world (USA) in the 2020 Paralympic Games</subfield>
</datafield>
</record></metadata></record></GetRecord></OAI-PMH>